[Event "HUN-ch Rapid"]
[Site "Ajka"]
[Date "2025.07.20"]
[Round "9"]
[White "Pasztor, Balazs"]
[Black "Horvath, Adam"]
[Result "0-1"]
[WhiteElo "2432"]
[BlackElo "2388"]
[PlyCount "154"]
[EventDate "2025.07.19"]
[EventType "swiss (rapid)"]
[EventRounds "9"]
[EventCountry "HUN"]
[SourceTitle "CB30_2025"]
[SourceDate "2025.07.23"]
[SourceVersion "1"]
[SourceVersionDate "2025.07.23"]
[SourceQuality "1"]

1. e4 c5 2. Nf3 e6 3. d4 cxd4 4. Nxd4 a6 5. c4 Nf6 6. Nc3 Qc7 7. a3 b6 8. f4 Bb7 9. Bd3 h5 10. Qe2 Nc6 11. Nxc6 Bxc6 12. 0-0 Bc5+ 13. Be3 Bxe3+ 14. Qxe3 Ng4 15. Qe2 Qd6 16. Kh1 g5 17. e5 Qd4 18. Be4 gxf4 19. Qf3 Bxe4 20. Nxe4 Qxe5 21. Rae1 Rc8 22. Nc3 Qg5 23. Ne4 Qe5 24. Nc3 Ne3 25. Nd1 f5 26. Nxe3 fxe3 27. Rxe3 Qf6 28. b3 Rc5 29. Qb7 Qd4 30. Ree1 h4 31. Rd1 Qg7 32. Qxb6 h3 33. gxh3 Rc6 34. Qe3 Rh4 35. Rxf5 Qh7 36. Rf3 Rh5 37. Rdf1 Kd8 38. Rf8+ Kc7 39. Qa7+ Kd6 40. Qb8+ Rc7 41. c5+ Rhxc5 42. R8f4 Qd3 43. Qf8+ Kc6 44. Qa8+ Kb6 45. Qb8+ Rb7 46. Rb4+ Rb5 47. Qf4 Ka7 48. Qf2+ Ka8 49. Rxb5 Rxb5 50. Qf3+ Rd5 51. Kg2 Qg6+ 52. Qg3 Rg5 53. Rf8+ Ka7 54. Rf3 Qc2+ 55. Kg1 Qc1+ 56. Kf2 Rxg3 57. hxg3 Qb2+ 58. Kg1 Qxa3 59. g4 Qb2 60. Rg3 Qc1+ 61. Kg2 Qd2+ 62. Kg1 Qg5 63. Kg2 d5 64. Rf3 d4 65. Kg3 e5 66. h4 Qc1 67. g5 Qg1+ 68. Kh3 d3 69. Rf7+ Kb6 70. Rd7 e4 71. b4 Qf2 72. Rd6+ Kc7 73. Rf6 Qxf6 74. gxf6 Kd6 75. h5 d2 76. f7 Ke7 77. h6 Kxf7 0-1

[Event "Balatonlelle Rigo Memorial GM-B 4th"]
[Site "Balatonlelle"]
[Date "2025.06.26"]
[Round "8"]
[White "Pasztor, Balazs"]
[Black "Horvath, Adam"]
[Result "0-1"]
[WhiteElo "2432"]
[BlackElo "2395"]
[PlyCount "112"]
[EventDate "2025.06.21"]
[EventType "tourn"]
[EventRounds "9"]
[EventCountry "HUN"]
[EventCategory "6"]
[SourceTitle "CB27_2025"]
[SourceDate "2025.07.02"]
[SourceVersion "1"]
[SourceVersionDate "2025.07.02"]
[SourceQuality "1"]

1. e4 c5 2. Nf3 g6 3. d4 cxd4 4. Nxd4 Bg7 5. c4 Nc6 6. Be3 Qb6 7. Nb5 Qa5+ 8. Bd2 Qd8 9. Bc3 Nf6 10. Nd2 0-0 11. Be2 d6 12. 0-0 Qb6 13. Rb1 a6 14. Na3 Nd7 15. Bxg7 Kxg7 16. Nc2 a5 17. b3 Nc5 18. Ne3 Be6 19. Qc1 Kg8 20. Qc3 Rfc8 21. a3 Nd7 22. Nf3 Qc5 23. b4 axb4 24. axb4 Qa7 25. Rfd1 Qa3 26. Rb3 Qa2 27. Nc2 Nf6 28. Bd3 b5 29. Rb2 Qa4 30. c5 dxc5 31. Qxc5 Bc4 32. Bxc4 bxc4 33. Re1 Ng4 34. Qxc4 Nce5 35. Qe2 Nxf3+ 36. gxf3 Ne5 37. Ne3 Qa3 38. Rd1 Nxf3+ 39. Kg2 Ng5 40. Rd3 Qa7 41. Nd5 Rc4 42. Re3 Rc1 43. Rc3 Rxc3 44. Nxc3 Qd7 45. Qe3 Ra3 46. Qxg5 Rxc3 47. f3 Qd1 48. Qg3 Rc1 49. Kh3 Qf1+ 50. Kh4 h6 51. Qb8+ Kh7 52. Kg3 Qe1+ 53. Kf4 Rc3 54. Ke5 Rxf3 55. Qc7 Qe3 56. Rc2 Rf5# 0-1

[Event "Balatonlelle Rigo Memorial GM-B 4th"]
[Site "Balatonlelle"]
[Date "2025.06.23"]
[Round "3"]
[White "Pasztor, Balazs"]
[Black "Glek, Igor Vladimirovich"]
[Result "1-0"]
[WhiteElo "2432"]
[BlackElo "2444"]
[PlyCount "91"]
[EventDate "2025.06.21"]
[EventType "tourn"]
[EventRounds "9"]
[EventCountry "HUN"]
[EventCategory "6"]
[SourceTitle "CB27_2025"]
[SourceDate "2025.07.02"]
[SourceVersion "1"]
[SourceVersionDate "2025.07.02"]
[SourceQuality "1"]

1. e4 c5 2. Nf3 a6 3. g3 Nc6 4. Bg2 e5 5. c3 d6 6. 0-0 Nf6 7. d4 cxd4 8. cxd4 Bg4 9. d5 Nd4 10. Be3 Nxf3+ 11. Bxf3 Bxf3 12. Qxf3 Be7 13. Na3 Rc8 14. Rac1 Rxc1 15. Rxc1 0-0 16. Nc4 Qd7 17. Kg2 Qa4 18. a3 Nd7 19. Rc3 Qb5 20. Nd2 a5 21. Rb3 Qa6 22. a4 b6 23. Rb5 Qc8 24. Qe2 Qc2 25. Qc4 Rc8 26. Qxc2 Rxc2 27. b3 Bd8 28. Nc4 Rxc4 29. bxc4 g6 30. f4 f6 31. Kf3 Kf7 32. Rb1 h5 33. Ke2 Ke8 34. Kd3 Bc7 35. Kc3 Bd8 36. h3 Ke7 37. Kc2 Bc7 38. Rf1 Bd8 39. h4 Kf7 40. f5 g5 41. hxg5 fxg5 42. Rh1 h4 43. gxh4 gxh4 44. Bf2 Nc5 45. Bxc5 bxc5 46. Kd3 1-0

[Event "Balatonlelle Rigo Memorial GM-B 4th"]
[Site "Balatonlelle"]
[Date "2025.06.23"]
[Round "4"]
[White "Pasztor, Balazs"]
[Black "Sklokin, Sergey"]
[Result "1/2-1/2"]
[WhiteElo "2432"]
[BlackElo "2311"]
[PlyCount "173"]
[EventDate "2025.06.21"]
[EventType "tourn"]
[EventRounds "9"]
[EventCountry "HUN"]
[EventCategory "6"]
[SourceTitle "CB27_2025"]
[SourceDate "2025.07.02"]
[SourceVersion "1"]
[SourceVersionDate "2025.07.02"]
[SourceQuality "1"]

1. e4 c6 2. d4 d5 3. e5 Bf5 4. h4 h5 5. Bd3 Bxd3 6. Qxd3 Qa5+ 7. Nd2 e6 8. Ngf3 Nh6 9. 0-0 Nf5 10. Nb3 Qa6 11. Qc3 Nd7 12. Bg5 Rc8 13. Qd2 c5 14. c3 b6 15. Nc1 cxd4 16. cxd4 g6 17. Ne2 Bg7 18. Ng3 0-0 19. Nxf5 exf5 20. Ne1 Rfe8 21. Nd3 Nf8 22. Nf4 Qb7 23. Rac1 Qd7 24. Rxc8 Rxc8 25. Rc1 Rxc1+ 26. Qxc1 Ne6 27. Nxe6 fxe6 28. Bh6 Bh8 29. b3 Kf7 30. Kh2 Kg8 31. Qa3 Bg7 32. Bxg7 Kxg7 33. Qc1 Qe7 34. Kg3 Kh7 35. Kh3 Kg7 36. g3 Kh7 37. Kg2 Kg7 38. a3 Kh7 39. b4 Kg7 40. Kf3 Kh7 41. Qc6 f4 42. Kxf4 Qf7+ 43. Ke3 Qf5 44. Qc3 Qb1 45. Ke2 Qh1 46. Qc2 Kg7 47. a4 Kh7 48. a5 bxa5 49. bxa5 a6 50. Qd3 Kg7 51. Kd2 Qa1 52. Qc3 Qf1 53. Qc7+ Kh6 54. Qf7 Qa1 55. Qf8+ Kh7 56. Qe7+ Kh6 57. Qb4 Kh7 58. Ke2 Qh1 59. Qe7+ Kh6 60. Qf8+ Kh7 61. Qf7+ Kh6 62. Qf4+ Kh7 63. g4 hxg4 64. Qxg4 Kg7 65. Qf4 Kh7 66. Kd2 Qa1 67. Qf7+ Kh6 68. Qf8+ Kh7 69. Qb4 Kh6 70. Ke2 Qh1 71. Qd2+ Kg7 72. Qf4 Kh7 73. Qg4 Kg7 74. f3 Qh2+ 75. Ke3 Qc2 76. h5 Qc1+ 77. Kf2 Qd2+ 78. Kg3 Qe1+ 79. Kg2 Qe2+ 80. Kh3 Qf1+ 81. Kh4 Qf2+ 82. Kg5 Qd2+ 83. f4 Qh2 84. Qf3 Qg1+ 85. Kh4 Qh2+ 86. Kg5 Qg1+ 87. Kh4 1/2-1/2

[Event "Balatonlelle Rigo Memorial GM-B 4th"]
[Site "Balatonlelle"]
[Date "2025.06.22"]
[Round "2"]
[White "Pap, Misa"]
[Black "Pasztor, Balazs"]
[Result "1/2-1/2"]
[WhiteElo "2438"]
[BlackElo "2432"]
[PlyCount "60"]
[EventDate "2025.06.21"]
[EventType "tourn"]
[EventRounds "9"]
[EventCountry "HUN"]
[EventCategory "6"]
[SourceTitle "CB27_2025"]
[SourceDate "2025.07.02"]
[SourceVersion "1"]
[SourceVersionDate "2025.07.02"]
[SourceQuality "1"]

1. e4 c5 2. c3 Nf6 3. e5 Nd5 4. Nf3 Nc6 5. d4 cxd4 6. Bc4 Nb6 7. Bb3 d5 8. exd6 Qxd6 9. 0-0 Be6 10. Bxe6 Qxe6 11. Nxd4 Nxd4 12. Qxd4 Rd8 13. Qc5 Qd7 14. a4 e6 15. Qb5 Bd6 16. Bg5 f6 17. Be3 0-0 18. Qxd7 Rxd7 19. Nd2 Nd5 20. Bxa7 b6 21. c4 Rxa7 22. cxd5 exd5 23. Nf3 Rfa8 24. b3 b5 25. Rad1 bxa4 26. bxa4 Ra5 27. Nd4 Rxa4 28. Nf5 Bf8 29. Rxd5 R8a5 30. Rxa5 Rxa5 1/2-1/2

[Event "Mitropa Cup"]
[Site "Trencin"]
[Date "2025.05.21"]
[Round "8.2"]
[White "Pasztor, Balazs"]
[Black "Moroni, Luca Jr"]
[Result "1/2-1/2"]
[WhiteElo "2431"]
[BlackElo "2546"]
[PlyCount "60"]
[EventDate "2025.05.14"]
[EventType "team-tourn"]
[EventRounds "9"]
[EventCountry "SVK"]
[SourceTitle "CB22_2025"]
[SourceDate "2025.05.28"]
[SourceVersion "1"]
[SourceVersionDate "2025.05.28"]
[SourceQuality "1"]
[WhiteTeam "Hungary"]
[BlackTeam "Italy"]
[WhiteTeamCountry "HUN"]
[BlackTeamCountry "ITA"]

1. e4 e5 2. Nf3 Nc6 3. Nc3 Nf6 4. Nd5 Bd6 5. d3 Nxd5 6. exd5 Ne7 7. d4 Ng6 8. Bd3 exd4 9. 0-0 0-0 10. Ng5 Be7 11. Qh5 Bxg5 12. Bxg5 f6 13. Bd2 d6 14. Bxg6 hxg6 15. Qxg6 Qe8 16. Qd3 Qe5 17. Qc4 Bf5 18. Rae1 Be4 19. f3 Qxd5 20. Qxc7 Bg6 21. Re7 Rf7 22. Rfe1 Qc6 23. Qxc6 bxc6 24. Re8+ Rxe8 25. Rxe8+ Kh7 26. Re6 Rd7 27. Bf4 Rb7 28. b3 Bxc2 29. Rxd6 Bb1 30. Rxd4 Bxa2 1/2-1/2

[Event "Mitropa Cup"]
[Site "Trencin"]
[Date "2025.05.17"]
[Round "4.2"]
[White "Koelle, Tobias"]
[Black "Pasztor, Balazs"]
[Result "1/2-1/2"]
[WhiteElo "2458"]
[BlackElo "2431"]
[PlyCount "67"]
[EventDate "2025.05.14"]
[EventType "team-tourn"]
[EventRounds "9"]
[EventCountry "SVK"]
[SourceTitle "CB22_2025"]
[SourceDate "2025.05.28"]
[SourceVersion "1"]
[SourceVersionDate "2025.05.28"]
[SourceQuality "1"]
[WhiteTeam "Germany"]
[BlackTeam "Hungary"]
[WhiteTeamCountry "GER"]
[BlackTeamCountry "HUN"]

1. d4 d5 2. c4 e6 3. Nf3 Nf6 4. cxd5 exd5 5. Nc3 c6 6. Qc2 g6 7. h3 Bf5 8. Qb3 Qb6 9. g4 Qxb3 10. axb3 Be6 11. Bg2 h5 12. g5 Nfd7 13. Bf4 Be7 14. h4 0-0 15. e3 Na6 16. Kd2 Nb4 17. Ne5 Nb6 18. Na2 Nxa2 19. Rxa2 a6 20. Nd3 Nd7 21. b4 Rae8 22. Nc5 Nxc5 23. bxc5 f6 24. gxf6 Bxf6 25. Bg3 Bg4 26. f3 Bf5 27. Raa1 Rf7 28. Rae1 Bd8 29. Kc3 Ba5+ 30. b4 Bd8 31. e4 Bd7 32. Rhf1 Kh7 33. e5 Bf5 34. f4 1/2-1/2

[Event "Mitropa Cup"]
[Site "Trencin"]
[Date "2025.05.16"]
[Round "3.2"]
[White "Pasztor, Balazs"]
[Black "Goroshkov, Maksym"]
[Result "1/2-1/2"]
[WhiteElo "2431"]
[BlackElo "2366"]
[PlyCount "103"]
[EventDate "2025.05.14"]
[EventType "team-tourn"]
[EventRounds "9"]
[EventCountry "SVK"]
[SourceTitle "CB22_2025"]
[SourceDate "2025.05.28"]
[SourceVersion "1"]
[SourceVersionDate "2025.05.28"]
[SourceQuality "1"]
[WhiteTeam "Hungary"]
[BlackTeam "Slovenia"]
[WhiteTeamCountry "HUN"]
[BlackTeamCountry "SLO"]

1. e4 e5 2. Nf3 Nc6 3. Bb5 a6 4. Ba4 Nge7 5. Nc3 d6 6. 0-0 Bd7 7. Re1 Ng6 8. Nd5 b5 9. Bb3 Na5 10. d4 Be7 11. Bd2 Nxb3 12. axb3 0-0 13. Ba5 Ra7 14. Bc3 f6 15. b4 Kh8 16. Ne3 Qc8 17. Qd2 c5 18. dxc5 dxc5 19. bxc5 Bxc5 20. Bb4 Be6 21. Bxc5 Qxc5 22. Rad1 Rd7 23. Qa5 Qc6 24. Rxd7 Bxd7 25. Rd1 Be6 26. Qb4 Re8 27. Rd6 Qb7 28. Qa5 Bc8 29. Nd5 h6 30. Nd2 Re6 31. Rd8+ Kh7 32. Nf1 Ne7 33. Nxe7 Rxe7 34. Ne3 Be6 35. Rd6 Qxe4 36. Qxa6 Rd7 37. h3 Bf5 38. Rxd7 Bxd7 39. Qd6 Qd4 40. Qc7 Qd2 41. g4 Qd4 42. Qb7 Qd6 43. Qe4+ Kg8 44. c4 Bc6 45. Nd5 Kf8 46. b3 bxc4 47. bxc4 Bxd5 48. cxd5 Qc5 49. Qd3 Ke7 50. Qh7 Kf7 51. Qd3 Ke7 52. Qh7 1/2-1/2

[Event "Mitropa Cup"]
[Site "Trencin"]
[Date "2025.05.15"]
[Round "2.2"]
[White "Vykouk, Jan"]
[Black "Pasztor, Balazs"]
[Result "1-0"]
[WhiteElo "2496"]
[BlackElo "2431"]
[PlyCount "71"]
[EventDate "2025.05.14"]
[EventType "team-tourn"]
[EventRounds "9"]
[EventCountry "SVK"]
[SourceTitle "CB22_2025"]
[SourceDate "2025.05.28"]
[SourceVersion "1"]
[SourceVersionDate "2025.05.28"]
[SourceQuality "1"]
[WhiteTeam "Czech Republic"]
[BlackTeam "Hungary"]
[WhiteTeamCountry "CZE"]
[BlackTeamCountry "HUN"]

1. e4 c5 2. Nf3 d6 3. d4 cxd4 4. Nxd4 Nf6 5. Nc3 Nc6 6. Bg5 e6 7. Qd2 a6 8. Nxc6 bxc6 9. 0-0-0 Be7 10. Bxf6 gxf6 11. Bc4 Bb7 12. Bb3 Qc7 13. Rhe1 0-0-0 14. Qe2 Kb8 15. Kb1 Bf8 16. a3 d5 17. Na4 c5 18. exd5 exd5 19. Qd3 Be7 20. c4 dxc4 21. Qxc4 Bxg2 22. Qxa6 Rxd1+ 23. Rxd1 Bb7 24. Qc4 h5 25. Qxf7 h4 26. h3 Bc8 27. Nc3 Bd8 28. Qc4 Bxh3 29. Nb5 Qe7 30. Qf4+ Qe5 31. Qa4 Bf5+ 32. Ka1 Bc7 33. Qa7+ Kc8 34. Qa8+ Bb8 35. Na7+ Kc7 36. Qc6# 1-0

[Event "EU-ch 25th"]
[Site "Eforie Nord"]
[Date "2025.03.20"]
[Round "6"]
[White "Pasztor, Balazs"]
[Black "Vogel, Roven"]
[Result "0-1"]
[WhiteElo "2407"]
[BlackElo "2552"]
[PlyCount "210"]
[EventDate "2025.03.15"]
[EventType "swiss"]
[EventRounds "11"]
[EventCountry "ROU"]
[SourceTitle "CB13_2025"]
[SourceDate "2025.03.26"]
[SourceVersion "1"]
[SourceVersionDate "2025.03.26"]
[SourceQuality "1"]

1. e4 e5 2. Nf3 Nc6 3. Bb5 a6 4. Ba4 Nf6 5. 0-0 Be7 6. d3 b5 7. Bb3 d6 8. c3 0-0 9. a4 Bd7 10. Re1 Na5 11. Bc2 c5 12. Nbd2 Qc7 13. Nf1 h6 14. Ne3 Be6 15. d4 cxd4 16. cxd4 Rfc8 17. h3 Rab8 18. axb5 axb5 19. d5 Bd7 20. b3 b4 21. Bd2 Qb6 22. Ra2 Rc5 23. Bd3 Qc7 24. Nc2 Nxb3 25. Bxb4 Nc1 26. Qxc1 Rxb4 27. Qd2 Rb3 28. Rea1 Nh5 29. Nb4 Qb6 30. Ra7 Rc7 31. Rxc7 Qxc7 32. Nc6 Bxc6 33. Rc1 Nf4 34. Rxc6 Qa7 35. Ra6 Qb7 36. Bf1 Nxh3+ 37. Kh2 Ng5 38. Nxg5 Bxg5 39. Qa5 Qe7 40. Qa2 Rb8 41. Ra8 Rxa8 42. Qxa8+ Kh7 43. g3 g6 44. Kg2 h5 45. Be2 Bd2 46. Qa3 Qc7 47. Qd3 Bb4 48. Qf3 Kg7 49. Bb5 Qe7 50. Ba4 Bc5 51. Bb5 Qg5 52. Be8 Qe7 53. Bb5 Kf8 54. Ba4 Qg5 55. Bd7 Ke7 56. Bc8 Qc1 57. Ba6 Qd2 58. Be2 Qe1 59. Bd3 Qc1 60. Be2 Qd2 61. Qd3 Qg5 62. Qf3 Kf8 63. Kh3 Kg7 64. Bb5 Bxf2 65. Qxf2 Qg4+ 66. Kg2 Qxe4+ 67. Qf3 Qd4 68. Be8 f5 69. Qb3 f4 70. gxf4 exf4 71. Qb7+ Kh6 72. Qf7 Qe4+ 73. Kf2 Qe3+ 74. Kf1 Qf3+ 75. Kg1 Qg3+ 76. Kf1 Qf3+ 77. Kg1 Qg4+ 78. Kf2 h4 79. Qf8+ Kh5 80. Bb5 Qg3+ 81. Kf1 Qf3+ 82. Kg1 Qe3+ 83. Kf1 Qc1+ 84. Ke2 Qb2+ 85. Kf3 Qb3+ 86. Kxf4 Qg3+ 87. Ke4 Qe5+ 88. Kf3 Qxd5+ 89. Kf2 Qxb5 90. Qxd6 Qf5+ 91. Kg1 Qg4+ 92. Kh2 Qg3+ 93. Qxg3 hxg3+ 94. Kh3 g2 95. Kh2 Kh4 96. Kxg2 Kg4 97. Kh2 Kf3 98. Kh3 g5 99. Kh2 g4 100. Kg1 Kg3 101. Kh1 Kf2 102. Kh2 g3+ 103. Kh1 g2+ 104. Kh2 g1Q+ 105. Kh3 Qg3# 0-1

[Event "HUN-ch U20"]
[Site "Budapest"]
[Date "2025.02.07"]
[Round "5"]
[White "Kolimar, Kristof Pal"]
[Black "Pasztor, Balazs"]
[Result "1-0"]
[WhiteElo "2254"]
[BlackElo "2423"]
[PlyCount "75"]
[EventDate "2025.02.03"]
[EventType "tourn"]
[EventRounds "9"]
[EventCountry "HUN"]
[EventCategory "4"]
[SourceTitle "CB07_2025"]
[SourceDate "2025.02.12"]
[SourceVersion "1"]
[SourceVersionDate "2025.02.12"]
[SourceQuality "1"]

1. d4 d5 2. c4 c6 3. Nf3 Nf6 4. g3 Bf5 5. Nc3 e6 6. Nh4 Be4 7. f3 Bg6 8. Qb3 Qd7 9. Nxg6 hxg6 10. c5 Be7 11. Be3 Qc8 12. Bf2 Nbd7 13. e4 dxe4 14. Nxe4 Qc7 15. Bc4 Nd5 16. 0-0-0 b6 17. h4 a5 18. Rhe1 a4 19. Qc2 a3 20. Kb1 axb2 21. g4 bxc5 22. dxc5 Qa5 23. Bd4 Rxh4 24. Nd6+ Kf8 25. Rxe6 Bf6 26. Qe2 Nc7 27. Bxf6 Nxe6 28. Bxh4 Ndxc5 29. Bxe6 fxe6 30. Qc4 Qa3 31. Ne4 Nb3 32. Nc3 Nc1 33. Bf2 Kf7 34. Rd7+ Kg8 35. Bc5 Qa5 36. Qxe6+ Kh8 37. Qe5 Rg8 38. Qh2# 1-0

[Event "Wch U18 blitz"]
[Site "Terme Catez"]
[Date "2024.12.16"]
[Round "18"]
[White "Culum, Sanjin"]
[Black "Pasztor, Balazs"]
[Result "0-1"]
[WhiteElo "2446"]
[BlackElo "2428"]
[PlyCount "62"]
[EventDate "2024.12.16"]
[EventType "swiss (blitz)"]
[EventRounds "22"]
[EventCountry "SLO"]
[SourceTitle "CB51_2024"]
[SourceDate "2024.12.18"]
[SourceVersion "1"]
[SourceVersionDate "2024.12.18"]
[SourceQuality "1"]

1. e4 c5 2. Nf3 d6 3. d4 cxd4 4. Nxd4 Nf6 5. Nc3 Nc6 6. Bg5 e6 7. Bb5 Bd7 8. Qd3 h6 9. Bh4 g5 10. Bg3 Nh5 11. 0-0-0 Nxg3 12. hxg3 a6 13. Bxc6 bxc6 14. Nb3 Qc7 15. Nd2 d5 16. exd5 cxd5 17. Rhe1 0-0-0 18. Qxa6+ Qb7 19. Qd3 Bg7 20. Nb3 Qb6 21. a4 Kb8 22. Nb5 Rc8 23. N3d4 Rc5 24. Qb3 Rhc8 25. Kb1 Bxb5 26. axb5 Bxd4 27. Rxd4 Rxb5 28. Qd3 Rxb2+ 29. Kc1 Rcxc2+ 30. Kd1 Rxf2 31. Re3 Rb1+ 0-1

[Event "Wch U18 blitz"]
[Site "Terme Catez"]
[Date "2024.12.16"]
[Round "21"]
[White "Mochalov, Dmitriy"]
[Black "Pasztor, Balazs"]
[Result "1/2-1/2"]
[WhiteElo "2121"]
[BlackElo "2428"]
[PlyCount "62"]
[EventDate "2024.12.16"]
[EventType "swiss (blitz)"]
[EventRounds "22"]
[EventCountry "SLO"]
[SourceTitle "CB51_2024"]
[SourceDate "2024.12.18"]
[SourceVersion "1"]
[SourceVersionDate "2024.12.18"]
[SourceQuality "1"]

1. Nf3 d5 2. c4 e6 3. e3 Nf6 4. b3 b6 5. Bb2 Bb7 6. Be2 Nbd7 7. 0-0 Be7 8. Nc3 0-0 9. Rc1 dxc4 10. Bxc4 c5 11. d4 a6 12. Qe2 b5 13. Bd3 cxd4 14. Nxd4 Nc5 15. Bb1 Qb6 16. Rfd1 Rac8 17. b4 Ncd7 18. a3 Ne5 19. Ba2 Nc4 20. Bxc4 Rxc4 21. Na4 Qc7 22. Rxc4 bxc4 23. Rc1 Rc8 24. Nc5 Bxc5 25. Rxc4 Qb6 26. Rxc5 Rxc5 27. bxc5 Qxc5 28. Qc2 Qxc2 29. Nxc2 Nd5 30. f3 f6 31. Kf2 e5 1/2-1/2

[Event "Wch U18 rapid"]
[Site "Terme Catez"]
[Date "2024.12.15"]
[Round "9"]
[White "Pasztor, Balazs"]
[Black "Borrmann, Laurenz"]
[Result "0-1"]
[WhiteElo "2428"]
[BlackElo "2405"]
[PlyCount "40"]
[EventDate "2024.12.14"]
[EventType "swiss (rapid)"]
[EventRounds "11"]
[EventCountry "SLO"]
[SourceTitle "CB51_2024"]
[SourceDate "2024.12.18"]
[SourceVersion "1"]
[SourceVersionDate "2024.12.18"]
[SourceQuality "1"]

1. e4 c6 2. d4 d5 3. e5 c5 4. Nf3 Bg4 5. dxc5 e6 6. c3 Nd7 7. Be3 Ne7 8. Nbd2 Nc6 9. b4 a5 10. Qb3 Be7 11. Bb5 0-0 12. Bxc6 bxc6 13. 0-0 Qc7 14. a4 Rfb8 15. Qa3 Nxe5 16. Nxe5 Qxe5 17. Nb3 Bd8 18. h3 Bc7 19. g3 Bxh3 20. Bf4 Qh5 0-1

[Event "Wch U18 rapid"]
[Site "Terme Catez"]
[Date "2024.12.14"]
[Round "2"]
[White "Franc, Borna"]
[Black "Pasztor, Balazs"]
[Result "1/2-1/2"]
[WhiteElo "2282"]
[BlackElo "2428"]
[PlyCount "67"]
[EventDate "2024.12.14"]
[EventType "swiss (rapid)"]
[EventRounds "11"]
[EventCountry "SLO"]
[SourceTitle "CB51_2024"]
[SourceDate "2024.12.18"]
[SourceVersion "1"]
[SourceVersionDate "2024.12.18"]
[SourceQuality "1"]

1. e4 c5 2. c3 Nf6 3. e5 Nd5 4. d4 cxd4 5. Nf3 d6 6. cxd4 Nc6 7. Bc4 dxe5 8. dxe5 Be6 9. 0-0 g6 10. Ng5 Bg7 11. Nxe6 fxe6 12. f4 Qa5 13. Kh1 Rd8 14. Bxd5 exd5 15. Nd2 0-0 16. Nb3 Qb6 17. Bd2 g5 18. Qh5 gxf4 19. Bxf4 Rxf4 20. Rxf4 Nxe5 21. Rf5 Qd6 22. Rd1 e6 23. Rff1 Ng6 24. Nd4 Bxd4 25. Rxd4 e5 26. Rdd1 e4 27. Qg5 Kg7 28. h4 h6 29. Qg4 h5 30. Qf5 e3 31. Qf7+ Kh6 32. Rf6 Qg3 33. Rxg6+ Qxg6 34. Qf4+ 1/2-1/2

[Event "EU-ch 24th"]
[Site "Petrovac"]
[Date "2024.11.19"]
[Round "11"]
[White "Pasztor, Balazs"]
[Black "Manea, Alexandru"]
[Result "1-0"]
[WhiteElo "2419"]
[BlackElo "2273"]
[PlyCount "75"]
[EventDate "2024.11.08"]
[EventType "swiss"]
[EventRounds "11"]
[EventCountry "MNE"]
[SourceTitle "CB47_2024"]
[SourceDate "2024.11.20"]
[SourceVersion "1"]
[SourceVersionDate "2024.11.20"]
[SourceQuality "1"]

1. e4 c5 2. Nf3 e6 3. d4 cxd4 4. Nxd4 Nf6 5. Nc3 Nc6 6. a3 Be7 7. Nxc6 bxc6 8. e5 Nd5 9. Qg4 Kf8 10. Qf3 Qc7 11. Qg3 Qb6 12. Be2 Nxc3 13. Qxc3 Qc5 14. Bc4 Qb6 15. Be3 Bc5 16. Bxc5+ Qxc5 17. 0-0 h5 18. Qb4 Qe7 19. f4 f5 20. Rfd1 a5 21. Qb6 Rh6 22. Rd6 Kg8 23. Rad1 Qh4 24. R6d4 Rg6 25. Bf1 Qe7 26. Be2 Qh4 27. Bf3 Kh7 28. b3 Qh3 29. R4d3 Qh4 30. Qd4 Ra6 31. a4 Rh6 32. Qd6 Ra8 33. g3 Rg6 34. Qd4 Ra6 35. R1d2 Kh6 36. Qc5 Kh7 37. Qf8 Ra8 38. Bg2 1-0

[Event "EU-ch 24th"]
[Site "Petrovac"]
[Date "2024.11.18"]
[Round "10"]
[White "Kawulok, Marek"]
[Black "Pasztor, Balazs"]
[Result "0-1"]
[WhiteElo "2219"]
[BlackElo "2419"]
[PlyCount "94"]
[EventDate "2024.11.08"]
[EventType "swiss"]
[EventRounds "11"]
[EventCountry "MNE"]
[SourceTitle "CB47_2024"]
[SourceDate "2024.11.20"]
[SourceVersion "1"]
[SourceVersionDate "2024.11.20"]
[SourceQuality "1"]

1. e4 c5 2. Nf3 d6 3. d4 cxd4 4. Nxd4 Nf6 5. Nc3 Nc6 6. Bg5 e6 7. Qd3 Bd7 8. 0-0-0 a6 9. f4 h6 10. Bh4 Be7 11. Nf3 Qa5 12. Kb1 Rd8 13. Rg1 b5 14. g4 Rc8 15. Bxf6 gxf6 16. Bh3 Rc7 17. Rge1 Qb6 18. Bg2 b4 19. Ne2 a5 20. Ned4 Nxd4 21. Nxd4 a4 22. f5 e5 23. Ne2 Bb5 24. Qd5 Bc6 25. Qd3 h5 26. h3 Qc5 27. Ng3 hxg4 28. hxg4 a3 29. b3 Bb5 30. Qd2 Rh2 31. Rg1 Bf8 32. g5 Qc3 33. Qxc3 Rxc3 34. Bf1 Bxf1 35. Nxf1 Rhxc2 36. Nd2 Rb2+ 37. Ka1 Rcc2 38. Nc4 Rxa2+ 39. Kb1 fxg5 40. Rxg5 f6 41. Rg6 Rh2 42. Rxf6 Rae2 43. Nxd6+ Bxd6 44. Rfxd6 Rb2+ 45. Ka1 Ra2+ 46. Kb1 Rhb2+ 47. Kc1 Ra1# 0-1

[Event "EU-ch 24th"]
[Site "Petrovac"]
[Date "2024.11.16"]
[Round "8"]
[White "Vogel, Roven"]
[Black "Pasztor, Balazs"]
[Result "1-0"]
[WhiteElo "2558"]
[BlackElo "2419"]
[PlyCount "62"]
[EventDate "2024.11.08"]
[EventType "swiss"]
[EventRounds "11"]
[EventCountry "MNE"]
[SourceTitle "CB47_2024"]
[SourceDate "2024.11.20"]
[SourceVersion "1"]
[SourceVersionDate "2024.11.20"]
[SourceQuality "1"]

1. Nf3 d5 2. g3 Nf6 3. Bg2 e6 4. 0-0 Be7 5. c4 0-0 6. b3 d4 7. d3 c5 8. e4 Nc6 9. e5 Nd7 10. Re1 a5 11. a4 Nb4 12. Na3 Ra6 13. Nb5 f6 14. exf6 Bxf6 15. Ba3 e5 16. Qd2 g6 17. Re2 Bg7 18. h4 h6 19. Rf1 Kh8 20. Qd1 Raf6 21. Nd2 Nxd3 22. Ne4 Nb4 23. Nxf6 Nxf6 24. Rxe5 b6 25. Bxb4 axb4 26. a5 Nd7 27. Rd5 Bb7 28. a6 Bxa6 29. Bh3 Rf7 30. Qg4 Bc8 31. Nd6 Qf8 1-0

[Event "Budapest SixDays Two Years GM-A"]
[Site "Budapest"]
[Date "2024.10.04"]
[Round "7"]
[White "Jablonicky, Martin"]
[Black "Pasztor, Balazs"]
[Result "0-1"]
[WhiteElo "2424"]
[BlackElo "2411"]
[PlyCount "72"]
[EventDate "2024.09.30"]
[EventType "tourn"]
[EventRounds "9"]
[EventCountry "HUN"]
[EventCategory "6"]
[SourceTitle "EXT 2025"]
[Source "ChessBase"]
[SourceDate "2024.10.14"]
[SourceVersion "1"]
[SourceVersionDate "2024.10.14"]
[SourceQuality "1"]

1. d4 d5 2. c4 e6 3. Nc3 Nf6 4. Bg5 Be7 5. e3 h6 6. Bh4 dxc4 7. Bxc4 c5 8. dxc5 Qxd1+ 9. Rxd1 Nbd7 10. Nb5 0-0 11. Nc7 Rb8 12. b4 b6 13. Bb5 g5 14. c6 Bxb4+ 15. Ke2 Nc5 16. Bg3 Nfe4 17. Rd4 Bc3 18. Nf3 a6 19. Bd3 Nxg3+ 20. hxg3 Kg7 21. Rc4 Bf6 22. Rxc5 bxc5 23. Rb1 Rxb1 24. Bxb1 Rd8 25. Bd3 Kf8 26. Nd2 Rd6 27. Be4 Bd8 28. Na8 f5 29. Nc4 Ke7 30. c7 Bxc7 31. Nxc7 fxe4 32. Nxd6 Kxd6 33. Ne8+ Ke7 34. Ng7 Kf7 35. Nh5 e5 36. f3 g4 0-1

[Event "Budapest SixDays Two Years GM-A"]
[Site "Budapest"]
[Date "2024.10.02"]
[Round "4"]
[White "Pasztor, Balazs"]
[Black "Neverov, Valeriy"]
[Result "1-0"]
[WhiteElo "2411"]
[BlackElo "2423"]
[PlyCount "73"]
[EventDate "2024.09.30"]
[EventType "tourn"]
[EventRounds "9"]
[EventCountry "HUN"]
[EventCategory "6"]
[SourceTitle "EXT 2025"]
[Source "ChessBase"]
[SourceDate "2024.10.14"]
[SourceVersion "1"]
[SourceVersionDate "2024.10.14"]
[SourceQuality "1"]

1. e4 c5 2. Nf3 d6 3. d4 cxd4 4. Nxd4 Nf6 5. Nc3 a6 6. h3 e5 7. Nf3 Be7 8. g4 Be6 9. g5 Nh5 10. Be3 Nd7 11. h4 Rc8 12. Qd2 Qa5 13. a3 0-0 14. Be2 Nf4 15. Bxf4 exf4 16. 0-0-0 Ne5 17. Nd4 Bd8 18. Kb1 Bb6 19. Nb3 Bxb3 20. cxb3 Bxf2 21. b4 Qd8 22. Qxf4 Bb6 23. Nd5 Ng6 24. Qg3 Ne7 25. h5 Nxd5 26. Rxd5 Qe7 27. Bd3 Rc6 28. Rf1 Bd8 29. Ka1 Qe6 30. Bb1 Be7 31. Qf4 Kh8 32. Rf5 f6 33. Ba2 Qc8 34. Bd5 Rc2 35. h6 g6 36. gxf6 Bd8 37. Qxd6 1-0